[Event "Morbihan-ch 1213"]
[Site "France"]
[Date "2013.04.13"]
[Round "7"]
[White "Audrain, Emmanuelle"]
[Black "Lemoine, Norbert"]
[Result "1-0"]
[WhiteElo "1499"]
[BlackElo "1498"]
[PlyCount "31"]
[EventDate "2012.10.27"]
[EventType "swiss"]
[EventRounds "7"]
[EventCountry "FRA"]
[SourceTitle "EXT 2014"]
[Source "ChessBase"]
[SourceDate "2013.11.20"]
[SourceVersion "1"]
[SourceVersionDate "2013.11.20"]
[SourceQuality "1"]

1. e4 Nf6 2. Nc3 d5 3. Bd3 e5 4. Nf3 Bd6 5. Nxd5 Nxd5 6. exd5 Qe7 7. Bc4 0-0 8. 0-0 Re8 9. Re1 c5 10. d4 e4 11. Ng5 Bf5 12. Bd3 Qc7 13. Qh5 h6 14. Nxe4 Bg6 15. Nf6+ Kf8 16. Rxe8# 1-0

[Event "Morbihan-ch 1213"]
[Site "France"]
[Date "2012.10.27"]
[Round "1"]
[White "Audrain, Emmanuelle"]
[Black "Annetti, Laurent"]
[Result "0-1"]
[WhiteElo "1499"]
[BlackElo "1875"]
[PlyCount "40"]
[EventDate "2012.10.27"]
[EventType "swiss"]
[EventRounds "7"]
[EventCountry "FRA"]
[SourceTitle "EXT 2014"]
[Source "ChessBase"]
[SourceDate "2013.11.20"]
[SourceVersion "1"]
[SourceVersionDate "2013.11.20"]
[SourceQuality "1"]

1. e4 e5 2. Nf3 Nc6 3. Bc4 Nf6 4. d3 Bc5 5. Nc3 a6 6. Be3 Ba7 7. Qd2 d6 8. Ng5 0-0 9. 0-0-0 Nd4 10. Ne2 b5 11. Bd5 c6 12. Bxd4 cxd5 13. Bxa7 Rxa7 14. Qe3 d4 15. Qg3 Ng4 16. h4 Qa5 17. f4 Ne3 18. Rde1 Qxa2 19. Nc3 dxc3 20. Qxe3 Qa1# 0-1